Formas de Estados de México #2 - Estadísticas

Estadísticas generales
  • Esta prueba ha sido intentada 76 veces
  • La puntuación promedio es 6 de 9
Estadísticas de respuestas
Imagen Respuesta % Correcto
Baja California
97%
Guerrero
82%
Chiapas
78%
Durango
75%
Chihuahua
73%
Michoacán de Ocampo
68%
Morelos
57%
Guanajuato
47%
Aguascalientes
43%
No se encontraron pruebas coincidentes
Distribución de puntuación
Porcentaje de gente con cada puntuación
Porcentaje por número respondido
Historial de tus puntuaciones
No has intentado esta prueba.